The emerging technological trajectory of the Pacific Rim / (Record no. 2116)

MARC details
000 -LEADER
fixed length control field 00693cam a2200217 4500
001 - CONTROL NUMBER
control field 2652
005 - DATE AND TIME OF LATEST TRANSACTION
control field 20181127165434.0
008 - FIXED-LENGTH DATA ELEMENTS--GENERAL INFORMATION
fixed length control field 930723s1955 nyu 001 0 eng
010 ## - LIBRARY OF CONGRESS CONTROL NUMBER
LC control number 93031103
020 ## - INTERNATIONAL STANDARD BOOK NUMBER
International Standard Book Number 156324196X
International Standard Book Number 1563241978
043 ## - GEOGRAPHIC AREA CODE
Geographic area code p------
245 04 - TITLE STATEMENT
Title The emerging technological trajectory of the Pacific Rim /
Statement of responsibility, etc. Denis Fred Simon, editor.
260 ## - PUBLICATION, DISTRIBUTION, ETC.
Place of publication, distribution, etc. Armonk, N.Y. :
Name of publisher, distributor, etc. M.E. Sharpe,
Date of publication, distribution, etc. c1995.
300 ## - PHYSICAL DESCRIPTION
Extent xx, 409 p. ;
Dimensions 24 cm.
504 ## - BIBLIOGRAPHY, ETC. NOTE
Bibliography, etc. note Includes bibliographical references and index.
650 #0 - SUBJECT ADDED ENTRY--TOPICAL TERM
Topical term or geographic name entry element Technology
Geographic subdivision Pacific Area.
Topical term or geographic name entry element Technology and state
Geographic subdivision Pacific Area.
Topical term or geographic name entry element Technology transfer
Geographic subdivision Pacific Area.
700 1# - ADDED ENTRY--PERSONAL NAME
Personal name Simon, Denis Fred.
Holdings
Withdrawn status Lost status Source of classification or shelving scheme Damaged status Not for loan Collection code Home library Current library Shelving location Serial Enumeration / chronology Inventory number Total Checkouts Full call number Barcode Date last seen Price effective from Koha item type
    Dewey Decimal Classification     Main TEST RTC Library RTC Library Main opac 846   338.95 SIM 30000284 27/11/2018 27/11/2018 Main
Royal Thimphu College || All Right Reserved